Дело о выкупе земельных наделов временнообязанными крестьянами А.М., П.М. и М.М. Лосевых, А.М. Аничковой села Климова Карачевско...

Доступно только в Электронных читальных залах Найти на картеНа карте
RUSMARC
00004098nmc2a2200000 x 450
0017a0af6e5-4fae-485e-a0e9-7f89e800fecb
00520160812165014.0
100##$a20140407l18681869k l0rusy0189 ca
1010#$arus
102##$aRU
2001#$aДело о выкупе земельных наделов временнообязанными крестьянами А.М., П.М. и М.М. Лосевых, А.М. Аничковой села Климова Карачевского уезда и сельца Анохина Кромского уезда Орловской губернии
$j23 октября 1868 г. - 12 марта 1869 г.
251##$cДело
300##$aДело
300##$aОриг. заголовок дела: Дело Лосевых А.М., П.М. и М.М., Аничковой А.М. Орловской губернии Карачевского уезда села Климова и Кромского уезда сельца Анохина. 23 октября 1868 г. - 12 марта 1869 г
801#0$aRU
$bРГИА
$c20140407
$gRCR
801#1$aRU
$bГлавНИВЦ
$c20140407
$2rusmarc
801#2$aRU
$bПБ им. Б.Н. Ельцина
$c20160812
$gRCR
$2rusmarc
850##$aРГИА
852##$aРГИА
$eФедеральное казенное учреждение "Российский государственный исторический архив" (РГИА)
$j2792
937##$hРГИА
$d11078188
$aASBIBLIO_SCAN
462#0$10012327ab3a-0548-404e-b4cb-e37355ac5039
$12001
$a1863-1889 гг.
$1251
$cОпись
$1852
$j26
461#0$10018ef30ad5-ff5c-4840-a721-74c62a200f95
$12001
$aГлавное выкупное учреждение Министерства финансов
$1251
$cФонд
$1852
$j577
215##$a65 л.
$d36,5x26 см
371##$aДокумент не является опубликованным и широко распространяемым
105##$ay###
1222#$ad
5171#$aДело Лосевых А.М., П.М. и М.М., Аничковой А.М. Орловской губернии Карачевского уезда села Климова и Кромского уезда сельца Анохина. 23 октября 1868 г. - 12 марта 1869 г
035##$a7a0af6e5-4fae-485e-a0e9-7f89e800fecb
Формат отображения